| 000 | 01047nam a22002895i 4500 | ||
|---|---|---|---|
| 001 | 12647 | ||
| 003 | ES-MaACL | ||
| 005 | 20250728051950.0 | ||
| 007 | t| | ||
| 008 | 920225s1991 sp ||||0| spa j | ||
| 020 | _a84-86791-17-0 | ||
| 040 |
_aM-BN _bspa _cM-BN |
||
| 080 | _a32(8=6) | ||
| 080 | _a327(8=6:4-672 CE) | ||
| 245 | 0 | 0 |
_aTransición política y consolidación democrática en el cono sur latinoamericano / _c[compiladores, Angel M. Lopez y López, Carlos Vargas Quiroz]. |
| 260 |
_aMadrid : _bFundación Friedrich Ebert, _cD.L. 1991. |
||
| 300 |
_a240 p ; _c23 cm. |
||
| 490 | 1 |
_aDocumentos y estudios ; _v72 |
|
| 651 | 4 |
_aAmérica latina- _xPolítica y gobierno. _97756 |
|
| 651 | 4 |
_aAmérica Latina- _xRelaciones- _zPaíses de la Unión Europea _97764 |
|
| 700 | 1 |
_aLópez y López, Angel Manuel. _974034 |
|
| 700 | 1 |
_aVargas Quiroz, Carlos. _9113212 |
|
| 710 | 2 |
_aFreidrich-Ebert-Stiftung. _94181 |
|
| 830 | 0 |
_aDocumentos y estudios ; _v72 _9179227 |
|
| 852 |
_aES-MaACL _jL-20056 _bR.121736 |
||
| 999 |
_c12647 _d12647 |
||